Realism, rationalism, surrealism : art between the wars
Αποθηκεύτηκε σε:
| Κύριος συγγραφέας: | |
|---|---|
| Άλλοι συγγραφείς: | , |
| Μορφή: | Βιβλίο |
| Γλώσσα: | English |
| Δημοσίευση: |
New Haven :
Yale University Press, in association with the Open University,
1993
|
| Σειρά: | Modern art--practices and debates
|
| Θέματα: | |
| Ετικέτες: |
Προσθήκη ετικέτας
Δεν υπάρχουν, Καταχωρήστε ετικέτα πρώτοι!
|
MARC
| LEADER | 00000nam a2200000 i 4500 | ||
|---|---|---|---|
| 001 | 1/47469 | ||
| 008 | 070704s1993 eng d | ||
| 020 | |a 0-300-05519-6 (pbk.) | ||
| 035 | |l 10088652 | ||
| 040 | |a GR-MY-UA |b gre |e aacr | ||
| 041 | 0 | |a eng | |
| 082 | 0 | |a 709.04 |2 (22) | |
| 100 | 1 | |a Fer, Briony. | |
| 245 | 1 | 0 | |a Realism, rationalism, surrealism : |b art between the wars / |c Briony Fer, David Batchelor, Paul Wood |
| 260 | |a New Haven : |b Yale University Press, |b in association with the Open University, |c 1993 | ||
| 300 | |a 342 σ.; |b εικ. (μερ. έγχρ.); |c 26 εκ. | ||
| 490 | 1 | |a Modern art practices and debates | |
| 504 | |a Περιέχει βιβλιογραφικές παραπομπές και ευρετήριο | ||
| 650 | 0 | 0 | |a Realism in art. |
| 650 | 0 | 0 | |a Constructivism (Art) |
| 650 | 0 | 0 | |a Surrealism. |
| 650 | 0 | 0 | |a Art, Modern |y 20th century. |
| 700 | 1 | |a Batchelor, David |d 1955- | |
| 700 | 1 | |a Wood, Paul. | |
| 830 | 0 | |a Modern art--practices and debates | |
| 852 | |a INST |b LESVOS |e 20070704 |h 709.04 FER |p 005100037915 |q 005100037915 |t BK |y 0 | ||
| 901 | |a BIBL1-2007-2 | ||
| 909 | |a Λ |b 135637 | ||
| 922 | |a 1ΕΛΗ |b 200706 |c ΕΠΕΑΕΚ2/ΤΚΑ |d ΠΑΠΑΣΩΤΗΡΙΟΥ | ||
| 970 | |a ΚΑΡΑ |b ΓΙΑΣΕΜΗ |z 2007/07/04 | ||